<?xml version="1.0" encoding="UTF-8"?>
<record
    xmlns:xsi="http://www.w3.org/2001/XMLSchema-instance"
    xsi:schemaLocation="http://www.loc.gov/MARC21/slim http://www.loc.gov/standards/marcxml/schema/MARC21slim.xsd"
    xmlns="http://www.loc.gov/MARC21/slim">

  <leader>00892    a2200193   4500</leader>
  <controlfield tag="001">123878</controlfield>
  <datafield tag="020" ind1=" " ind2=" ">
    <subfield code="a">9788510063111</subfield>
  </datafield>
  <datafield tag="040" ind1=" " ind2=" ">
    <subfield code="c">Escola Canadense de Niteroi</subfield>
  </datafield>
  <datafield tag="090" ind1=" " ind2=" ">
    <subfield code="a">CAS-M3</subfield>
  </datafield>
  <datafield tag="100" ind1=" " ind2=" ">
    <subfield code="a">Pizaia, Cassiana</subfield>
  </datafield>
  <datafield tag="245" ind1="1" ind2="0">
    <subfield code="a">M&#xE1;quinas do tempo</subfield>
  </datafield>
  <datafield tag="260" ind1=" " ind2=" ">
    <subfield code="a">S&#xE3;o Paulo</subfield>
  </datafield>
  <datafield tag="300" ind1=" " ind2=" ">
    <subfield code="b">il.</subfield>
    <subfield code="c">4 x 13.6 x 1.4 cm</subfield>
  </datafield>
  <datafield tag="362" ind1="0" ind2=" ">
    <subfield code="a">2016</subfield>
  </datafield>
  <datafield tag="520" ind1=" " ind2=" ">
    <subfield code="a">O pai de Gabriel vive dizendo que ele &#xE9; igualzinho ao av&#xF4; Jos&#xE9;, mas o menino n&#xE3;o entende por qu&#xEA;. Entre m&#xE1;quinas novas e antigas e muita curiosidade, os dois descobrir&#xE3;o que t&#xEA;m mesmo muito em comum. Nesta hist&#xF3;ria, tecnologias do passado e do presente se encontram em uma obra sens&#xED;vel sobre a rela&#xE7;&#xE3;o afetiva entre um garoto e seu av&#xF4;. O livro enfoca a evolu&#xE7;&#xE3;o tecnol&#xF3;gica e as facilidades que esta nos trouxe, cada qual de acordo com sua &#xE9;poca.</subfield>
  </datafield>
  <datafield tag="650" ind1=" " ind2="4">
    <subfield code="a">Tecnologia</subfield>
  </datafield>
  <datafield tag="650" ind1=" " ind2="4">
    <subfield code="a">Literatura Infantil</subfield>
  </datafield>
  <datafield tag="942" ind1=" " ind2=" ">
    <subfield code="c">BK</subfield>
  </datafield>
  <datafield tag="952" ind1=" " ind2=" ">
    <subfield code="0">0</subfield>
    <subfield code="1">0</subfield>
    <subfield code="4">0</subfield>
    <subfield code="7">0</subfield>
    <subfield code="a">80.1</subfield>
    <subfield code="b">80.1</subfield>
    <subfield code="d">2024-02-09</subfield>
    <subfield code="l">0</subfield>
    <subfield code="o">CAS-M3</subfield>
    <subfield code="p">A12307</subfield>
    <subfield code="r">2024-02-09 21:20:06</subfield>
    <subfield code="w">2024-02-09</subfield>
    <subfield code="y">BK</subfield>
  </datafield>
  <datafield tag="999" ind1=" " ind2=" ">
    <subfield code="c">123878</subfield>
    <subfield code="d">123878</subfield>
  </datafield>
</record>
